Manual de donatarias y su regulacin̤

Detalles Bibliográficos
Autor principal: Palombo Balas, Isaac
Formato: eBook
Lenguaje:español
Publicado: Mx̌ico DF: Instituto Mexicano de Contadores Pb︢licos, 2014
Materias:
Acceso en línea:Acceso restringido

MARC

LEADER 00000nam a22000007a 4500
005 2018022406206.0
007 cr|||| ||||
008 180224s2014 mx |||||s|||| 00||0 spa d
020 |a 978-607-8384-07-5 
035 |a 21012 
040 |a vLex 
090 |c 7409  |d 7409 
100 1 |a Palombo Balas, Isaac 
245 1 0 |a Manual de donatarias y su regulacin̤  |h [Recurso electrn̤ico] /  |c Isaac Palombo Balas 
256 |a Servicio en ln̕ea 
260 |a Mx̌ico DF:  |b Instituto Mexicano de Contadores Pb︢licos,  |c 2014 
300 |a 1 recurso electrn̤ico 
506 1 |a Disponible solo en los productos indicados  |d vLex Global  |d vLex Global (Academic Edition, excluding Law Schools)  |d vLex Global (U.S. Academic Edition, Law Schools)  |d vLex Global (U.S. Academic Edition, excluding Law Schools)  |d vLex Global (Academic Edition, Law Schools) 
650 0 4 |a Derecho Fiscal  |z Mx̌ico 
740 0 |a vLex Libros (Servicio en ln̕ea) 
856 4 0 |u http://vlex.com/source/manual-donatarias-regulacion-21012  |z Acceso restringido 
942 |c BOOK 
999 0 |a  Tax Law